Top Goalscorers in La Liga by Nationality - Statistics

General Stats
  • This quiz has been taken 121 times
  • The average score is 20 of 55
Answer Stats
Country Goals Apps. Years Club(s) Answer % Correct
Argentina 474 520 2004-'21 Barcelona Lionel Messi
98%
Portugal 311 292 2009-'18 Real Madrid Cristiano Ronaldo
93%
Brazil 117 164 1996-'07 Real Madrid, Barcelona Ronaldo
92%
France 233 432 2009- Real Madrid Karim Benzema
85%
Cameroon 162 280 1998-'09 Barcelona, Real Mallorca, Real Madrid Samuel Eto'o
83%
Hungary 156 180 1958-'66 Real Madrid Ferenc Puskás
81%
Denmark 52 228 1989-1996 Barcelona, Real Madrid Michael Laudrup
81%
Wales 81 176 2013-'20, 2021-'22 Real Madrid Gareth Bale
80%
Mexico 234 347 1981-'94 Real Madrid, Atlético Madrid, Rayo Vallecano Hugo Sánchez
80%
Uruguay 179 258 2014-'22 Barcelona, Atlético Madrid Luis Suárez
79%
Ghana 59 298 2014- Athletic Bilbao Iñaki Williams
75%
Croatia 114 239 1991-'99 Sevilla, Real Madrid Davor Šuker
74%
England 42 103 1986-'89 Barcelona Gary Lineker
71%
Sweden 33 105 2019-'22 Real Sociedad Alexander Isak
68%
Colombia 62 199 2013-'15, 2017-'22 Villarreal, Sevilla, Granada Carlos Bacca
59%
Netherlands 100 205 1997-'03 Deportivo La Coruña, Tenerife Roy Makaay
58%
DR Congo 32 75 2015-'18 Villarreal Cédric Bakambu
50%
Chile 98 196 1990-'96 Real Madrid, Sevilla Iván Zamorano
50%
Germany 87 316 1980-'93 Barcelona, Atlético Madrid, Real Madrid Bernd Schuster
49%
Mali 89 209 2005-'12 Sevilla Frédéric Kanouté
49%
Algeria 22 155 2010-'16 Valencia, Almeria Sofiane Féghouli
44%
Italy 64 171 2007-'13, 2016-'17 Villarreal, Celta de Vigo, Levante Giuseppe Rossi
42%
North Macedonia 23 148 2017-'22 Levante Enis Bardhi
41%
Montenegro (Yugoslavia) 85 194 1993-'99 Valencia, Real Madrid Predrag Mijatović
38%
Spain 251 277 1940-'55 Athletic Bilbao Telmo Zarra
36%
Norway 20 84 2000-'04 Valencia John Carew
34%
Turkey 75 195 2002-'09 Real Sociedad, Villarreal Nihat Kahveci
34%
Serbia 92 261 1996-'99, 2002-'07 Real Sociedad Darko Kovačević
32%
Ecuador 36 138 2010-'11, 2014-'17 Espanyol, Levante, Malaga Felipe Caicedo
25%
El Salvador 43 158 1983-'85, 1986-'91 Cádiz, Real Valladolid Jorge González
21%
Bulgaria 129 305 1989-'99 Valencia, SD Compostela, Atlético Madrid, Celta de Vigo Luboslav Penev
21%
Bosnia and Herzegovina 105 263 1991-'00 Real Sociedad, Tenerife, Barcelona, Deportivo Alavés Meho Kodro
21%
Russia 68 383 1994-'05 Celta de Vigo, Real Sociedad, Valencia Valeriy Karpin
19%
Austria 83 171 1988-'93 Sevilla, Rayo Vallecano, CD Logroñés Toni Polster
18%
Iran 24 149 2006-'12 Osasuna Javad Nekounam
16%
Panama 77 207 1997-'03 Málaga CF, Real Oviedo Julio Dely Valdés
16%
Australia 39 154 2001-'07 Osasuna, Alaves John Aloisi
14%
Venezuela 46 183 2004-'09 Real Mallorca Juan Arango
11%
Israel 27 101 2011-'15 Real Mallorca, UD Almería Tomer Hemed
11%
Poland 51 189 1989-'95 Osasuna, Real Valladolid Jan Urban
10%
Equatorial Guinea 33 158 2002-'04, 2005-'10, 2012-'14 Deportivo La Coruña, Racing Santander, Deportivo Alavés Rodolfo Bodipo
8%
Scotland 24 55 1984-'87 Barcelona Steve Archibald
8%
Ireland 33 63 1989-'91 Real Sociedad John Aldridge
7%
Burundi 24 88 2007-'10 Racing Santander Mohamed Tchité
7%
Paraguay 103 265 1959-'71 Barcelona, Espanyol, Elche Cayetano Ré
5%
Romania 48 221 1995-'02, 2004-'06 Villarreal, Getafe, Real Sociedad Gică Craioveanu
4%
Angola 69 206 1958-'69 Atlético Madrid, Barcelona Jorge Mendonça
4%
Morocco 58 114 1948-'53 Atlético Madrid Larbi Ben Barek
4%
Cape Verde 33 258 2002-'13 Osasuna, Levante, Espanyol, Malaga, Real Madrid Valdo
4%
Costa Rica 20 42 1933-'36 Barcelona, Hércules CF Alejandro Morera
3%
Cuba 56 123 1934-'36, 1939-'48 Real Madrid, Real Valladolid, Real Oviedo Jesús Alonso
3%
Nigeria 48 117 1994-'98 SD Compostela Christopher Ohen
2%
Honduras 44 141 1959-'60, 1961-'69 Atlético Madrid, Elche José Cardona
2%
Peru 57 109 1961-'62, 1964-'69 Barcelona, Sabadell, Real Zaragoza Juan Seminario
2%
Slovakia 23 56 1990-'92 Sporting Gijón Milan Luhový
2%
No matching quizzes found
Score Distribution
Percent of People with Each Score
Percentile by Number Answered
Your Score History
You have not taken this quiz